000 00687nam a2200277Ia 4500
005 20260324114659.0
008 008 260324s9999 xx 000 0 eng d
020 _a9781003217473
037 _aEBOOK
040 _aCRL
040 _beng
040 _cCRL
041 _2eng
041 _aeng
084 _qCRL
100 _aHomayoon E. Estekanchi; Hassan A. Vafai
_91151733
245 0 _aSeismic Analysis and Design using the Endurance Time Method
260 _bTaylor and Francis
260 _c2021
365 _a
365 _b240
856 _uhttp://www.taylorfrancis.com/books/9781003217473
942 _cEBOOK
999 _c1742054
_d1742054